India's trade agreements with other countries, as in force on January 1, 1968. (Record no. 86741)

MARC details
000 -LEADER
fixed length control field 00709cam a2200217 4500
001 - CONTROL NUMBER
control field sa 68015864
003 - CONTROL NUMBER IDENTIFIER
control field DLC
005 - DATE AND TIME OF LATEST TRANSACTION
control field 20260227112648.0
008 - FIXED-LENGTH DATA ELEMENTS--GENERAL INFORMATION
fixed length control field 700617s1968 ii 00000 eng
010 ## - LIBRARY OF CONGRESS CONTROL NUMBER
LC control number sa 68015864 //r88
025 ## - OVERSEAS ACQUISITION NUMBER
Overseas acquisition number PL480:I-E-10739
050 0# - LIBRARY OF CONGRESS CALL NUMBER
Classification number LAW
082 ## - DEWEY DECIMAL CLASSIFICATION NUMBER
Classification number 382.954
110 10 - MAIN ENTRY--CORPORATE NAME
Corporate name or jurisdiction name as entry element India (Republic).
Form subheading Treaties, etc.
245 10 - TITLE STATEMENT
Title India's trade agreements with other countries, as in force on January 1, 1968.
260 0# - PUBLICATION, DISTRIBUTION, ETC.
Place of publication, distribution, etc. New Delhi,
Name of publisher, distributor, etc. Directorate of Commercial Publicity, Ministry of Commerce, Govt. of India
Date of publication, distribution, etc. [1968]
300 ## - PHYSICAL DESCRIPTION
Extent 364 p.
Dimensions 25 cm.
350 ## - PRICE (NR) (BK AM CF MU VM SE) [OBSOLETE]
Price 6.00
-- ($2.16)
651 #0 - SUBJECT ADDED ENTRY--GEOGRAPHIC NAME
Geographic name India
General subdivision Commercial treaties.
710 10 - ADDED ENTRY--CORPORATE NAME
Corporate name or jurisdiction name as entry element India.
Subordinate unit Directorate of Commercial Publicity.

No items available.

Powered by Koha